| 000 -LEADER |
| fixed length control field |
01566nam a22002177a 4500 |
| 005 - DATE AND TIME OF LATEST TRANSACTION |
| control field |
20240109172651.0 |
| 008 - FIXED-LENGTH DATA ELEMENTS--GENERAL INFORMATION |
| fixed length control field |
240109s1979 ru ||||| |||| 00| 0 rus d |
| 041 ## - LANGUAGE CODE |
| Language code of text/sound track or separate title |
rus |
| 080 ## - UNIVERSAL DECIMAL CLASSIFICATION NUMBER |
| Universal Decimal Classification number |
94(479.22)(093)+929.731(479.22) M-88 |
| 100 ## - MAIN ENTRY--PERSONAL NAME |
| Personal name |
Мровели, Леонти |
| 9 (RLIN) |
21004 |
| 245 ## - TITLE STATEMENT |
| Title |
Жизнь картлийских царей : Извлечение сведений об абхазах, народах Северного Кавказа и Дагестана / |
| Statement of responsibility, etc. |
Мровели Леонти ; Перевод с древнегрузинского, предисловие и комментарии Г.В. Цулаиа ; Ответственный редактор Г.С. Мамулиа ; Академия наук СССР, Институт этнографии им. Н.Н. Миклухо-Маклая. |
| 264 ## - PRODUCTION, PUBLICATION, DISTRIBUTION, MANUFACTURE, AND COPYRIGHT NOTICE |
| Place of production, publication, distribution, manufacture |
Москва : |
| Name of producer, publisher, distributor, manufacturer |
Наука, |
| Date of production, publication, distribution, manufacture, or copyright notice |
1979. |
| 300 ## - PHYSICAL DESCRIPTION |
| Extent |
102 с. ; |
| Other physical details |
21 см. |
| 653 ## - INDEX TERM--UNCONTROLLED |
| keyword |
საქართველოს ისტორიის წყაროები |
| 653 ## - INDEX TERM--UNCONTROLLED |
| keyword |
ხალხთა ისტორიის დოკუმენტური წყაროები. |
| 653 ## - INDEX TERM--UNCONTROLLED |
| keyword |
აფხაზეთის ისტორიის დოკუმენტური წყაროები |
| 700 ## - ADDED ENTRY--PERSONAL NAME |
| Personal name |
Цулаиа, Гиви |
| Relator term |
მთარგმნელი |
| 9 (RLIN) |
21005 |
| 700 ## - ADDED ENTRY--PERSONAL NAME |
| Personal name |
Мамулиа, Г.С. |
| Relator term |
რედაქტორი |
| 9 (RLIN) |
21006 |
| 710 ## - ADDED ENTRY--CORPORATE NAME |
| Corporate name or jurisdiction name as entry element |
Академия наук СССР. |
| Date of meeting or treaty signing |
Институт этнографии им. Н.Н. Миклухо-Маклая. |
| 9 (RLIN) |
21007 |
| 942 ## - ADDED ENTRY ELEMENTS (KOHA) |
| Source of classification or shelving scheme |
|
| Koha item type |
წიგნი |